ՀՀ Գիտությունների ազգային ակադեմիայի հիմնարար գիտական գրադարան  =   Fundamental Scientific Library of NAS RA

Сегетальные сообщества Башкирии / (Record no. 270300)

MARC details
000 -LEADER
fixed length control field 01017nam a2200253 a 4500
001 - CONTROL NUMBER
control field 000731034
003 - CONTROL NUMBER IDENTIFIER
control field AM-YeHGA
005 - DATE AND TIME OF LATEST TRANSACTION
control field 20250617143139.0
008 - FIXED-LENGTH DATA ELEMENTS--GENERAL INFORMATION
fixed length control field 100423s1985 ru r 000 0 rus d
040 ## - CATALOGING SOURCE
Original cataloging agency AM-YeHGA
041 0# - LANGUAGE CODE
Language code of text/sound track or separate title rus
090 ## - LOCALLY ASSIGNED LC-TYPE CALL NUMBER (OCLC); LOCAL CALL NUMBER (RLIN)
-- 271938
245 00 - TITLE STATEMENT
Title Сегетальные сообщества Башкирии /
Statement of responsibility, etc. Б. М. Миркин , Л. М. Абрамова , А. Р. Ишбирдин и др.; [Отв. ред. В. В. Туганаев].
260 ## - PUBLICATION, DISTRIBUTION, ETC.
Place of publication, distribution, etc. Уфа :
Name of publisher, distributor, etc. БФАН СССР,
Date of publication, distribution, etc. 1985.
300 ## - PHYSICAL DESCRIPTION
Extent 158 с.
500 ## - GENERAL NOTE
General note В надзаг.: АН СССР, Башк. фил., Ин-т биологии
504 ## - BIBLIOGRAPHY, ETC. NOTE
Bibliography, etc. note Библиогр.: с. 150-156
653 0# - INDEX TERM--UNCONTROLLED
Uncontrolled term Агрофитоценозы - Башк. АССР
653 0# - INDEX TERM--UNCONTROLLED
Uncontrolled term Сорняки - Башк. АССР
700 1# - ADDED ENTRY--PERSONAL NAME
Personal name Миркин, Борис Михайлович
700 1# - ADDED ENTRY--PERSONAL NAME
Personal name Абрамова, Л.М
700 1# - ADDED ENTRY--PERSONAL NAME
Personal name Ишбирдин, А.Р
700 1# - ADDED ENTRY--PERSONAL NAME
Personal name Туганаев, Виктор Васильевич
Relator term ред.
Relationship edt
Holdings
Withdrawn status Lost status Damaged status Not for loan Collection Home library Current library Date acquired Total checkouts Full call number Barcode Date last seen Price effective from Koha item type Public note
        General Fundamental Scientific Library Fundamental Scientific Library 29/12/2016   PII/541198 FL0155831 29/12/2016 29/12/2016 Գրքեր / Books 30 Days Loan
        General Fundamental Scientific Library Fundamental Scientific Library 29/12/2016   PII/540350 FL0156995 29/12/2016 29/12/2016 Գրքեր / Books 30 Days Loan


ՀՀ ԳԱԱ հիմնարար գիտական գրադարան
ՀՀ,Երևան 0019
Մարշալ Բաղրամյան 24/6
հեռախոս:(374-10) 52-47-50
Հետադարձ կապ

All site content, except where otherwise noted, is licensed under a
Creative Commons License